Influencia de las reacciones intramoleculares en el entrecruzamiento de gomas de estructura modelo /
Guardado en:
| Otros Autores: | |
|---|---|
| Formato: | Manuscrito |
| Idioma: | Spanish |
| Publicado: |
1988.
|
| Materias: | |
| Etiquetas: |
Agregar Etiqueta
Sin Etiquetas, Sea el primero en etiquetar este registro!
|
| LEADER | 00954ntm a22002295a 4500 | ||
|---|---|---|---|
| 001 | EIQ.libpla002575 | ||
| 008 | 070702s1988####ag#a#####bm###000#0#spa#d | ||
| 005 | 20070716150059.0 | ||
| 245 | 1 | 0 | |a Influencia de las reacciones intramoleculares en el entrecruzamiento de gomas de estructura modelo / |c por Claudia Sarmoria. |
| 260 | |c 1988. | ||
| 300 | |a 314 p. : |b il. ; |c 21 cm. | ||
| 502 | |a Tesis (doctorado)--Universidad Nacional del Sur. Departamento de Ingeniería Química, 1988. | ||
| 500 | |a Director de tesis: Dr. Enrique Marcelo Vallés. | ||
| 504 | |a Incluye referencias bibliográficas. | ||
| 100 | 1 | |a Sarmoria Claudia. |4 dis | |
| 710 | 2 | |a Universidad Nacional del Sur (UNS). |b Dto. de Ingeniería Química |4 dgg. | |
| 650 | 4 | |a Polímeros |x Tesis. | |
| 650 | 4 | |a Polímeros |x Gomas sintéticas. | |
| 650 | 4 | |a Polymers |x Thesis. | |
| 650 | 4 | |a Polymers |x Synthetic rubbers. | |
| 040 | |a AR-BbSID |b spa |c AR-BbSID | ||
| 859 | |a AR-BbSID |b BIB. PLAPIQUI |h 668.42 |i Sa 74 |p 4494 | ||
